| 000 | 01494nam a2200289 i 4500 | ||
|---|---|---|---|
| 003 | DO-SdBNP | ||
| 005 | 20260321073645.0 | ||
| 006 | a||||gr|||| 00| 0 | ||
| 007 | ta | ||
| 008 | 230504e2010 dr ac||gr|||| 00| 0 spa d | ||
| 020 | _a9789945873580 | ||
| 040 |
_aDO-SdBNP _bspa _cBNPHU _erda |
||
| 082 | 4 |
_222 _bB742i |
|
| 100 | 1 |
_a Bosch, Juan, _d1909-2001 _976555 |
|
| 245 |
_aIdeario: _b100 ideas en los cien años de su natalicio. / _cJuan Bosch |
||
| 264 | 3 | 1 |
_aSanto Domingo : _bMJ, _c2010 |
| 300 |
_a39 páginas : _bilustraciones, retrato ; _c20 cm. |
||
| 336 |
_2rdaconten _atexto _btxt |
||
| 337 |
_2rdamedia _asin medición _bn |
||
| 338 |
_2rdacarrier _avolumen _bnc |
||
| 504 | _aBibliografía: página 39 | ||
| 505 |
_aJuan Bosch: vida de servicio y de esperanza. _tLa historia y el futuro de los pueblos.-- _tLa verdad, el valor y la lucha.-- _tLa virtud, el deber y los hechos.-- _tLa educación y la formación de la conciencia.-- _tEl trabajo, la disciplina y la mística.-- _tEl amor como fuerza creadora.-- _tEl escritor, la cultura y la humanidad.-- _tLa patria y los patriotas.-- _tDemocracia y bien común.-- _tPoder ciudadano.-- _tTiranía y mal gobierno.-- _tLíderes, héroes y lucha política.-- _tEl partido político.-- _tLa revolución social.-- _tFuentes utilizadas.-- _tReseña biográfica de Juan Bosch. |
||
| 590 | _aInventariado 2023 / MF | ||
| 710 | 2 |
_aMinisterio de la Juventud (República Dominicana). _983322 |
|
| 710 | 2 |
_a Fundación Juan Bosch _984953 |
|
| 942 |
_2ddc _cLF2 |
||
| 999 |
_c53414 _d53414 |
||